Chevrolet Cars by Picture - Statistics

General Stats
  • This quiz has been taken 698 times
  • The average score is 10 of 16
Answer Stats
Picture Answer % Correct
Corvette
98%
Camaro
94%
Silverado
82%
Tahoe
71%
Malibu
66%
Colorado
65%
Impala
64%
Spark
63%
Equinox
58%
Volt
57%
Cruze
51%
Bolt
48%
Traverse
47%
Trax
39%
Express
38%
Sonic
33%
No matching quizzes found
Score Distribution
Percent of People with Each Score
Percentile by Number Answered
Your Score History
You have not taken this quiz